| 000 | 03161cam a2200325 a 4500 | ||
|---|---|---|---|
| 001 | 16036750 | ||
| 005 | 20160716095937.0 | ||
| 008 | 091229s2010 miu j b 001 0 eng | ||
| 010 | _a 2009053379 | ||
| 020 | _a9780737749687 (hardcover) | ||
| 020 | _a9780737749694 (pbk.) | ||
| 035 | _a(OCoLC)ocn495616857 | ||
| 040 |
_aDLC _cDLC _dYDXCP _dSIN _dIOE _dC#P _dCUK _dQBX _dIHI _dDLC |
||
| 043 | _an-us--- | ||
| 050 | 0 | 0 |
_aLC40.H6412 2010 _b.H6412 2010 |
| 082 | 0 | 0 | _222 |
| 245 | 0 | 0 |
_aHomeschooling / _cNoah Berlatsky, book editor. |
| 260 |
_aDetroit : _bGreenhaven Press, _cc2010. |
||
| 300 |
_a185 p. ; _c24 cm. |
||
| 490 | 1 | _aOpposing viewpoints series | |
| 504 | _aIncludes bibliographical references (p. 172-175) and index. | ||
| 505 | 0 | 0 |
_tHomeschooling students score comparably to others on standardized tests / _rAndrea Neal -- _tHomeschooling curricula do not meet academic standards / _rSteve Shives -- _tHomeschooling students are well socialized / _rMinnesota Homeschoolers' Alliance -- _tHomeschooling students are isolated and poorly socialized / _rMargaret W. Boyce -- _tHomeschooling provides Christian socialization / _rMichael F. Haverluck -- _tHomeschoolers may be at greater risk for child abuse / _rGraham Badman -- _tHomeschooling is not linked to child abuse / _rJodie Gilmore -- _tHomeschooling should be regulated by the government / _rKimberly A. Yuracko -- _tHomeschooling should not be regulated by the government / _rBruce N. Shortt -- _tHomeschooling parents should be certified / _rStephen Downes -- _tHomeschooling parents do not need to be certified / _rJohn Stossel -- _tFeminist homeschooling benefits mothers and children / _rRachel Allen -- _tFeminist homeschooling is problematic / _rPatricia R. Stokes -- _tChristians have a responsibility to homeschool / _rDan Smithwick -- _tChristians have a responsibility not to homeschool / _rTim Challies -- _tStandardized tests can be helpful for homeschoolers / _rSandra Foyt -- _tHomeschoolers should not take standardized tests / _rTerrie Lynn Bittner -- _tHomeschoolers should participate in public school athletics / _rRebecca Wright -- _tHomeschoolers should organize their own athletic programs / _rDari Mullins. |
| 520 | _aThis volume explores the topics relating to homeschooling by presenting varied expert opinions that examine many of the different aspects that comprise these issues. Homeschooling is the education of children at home, typically by parents but sometimes by tutors, rather than in other formal settings of public or private school. The viewpoints are selected from a wide range of highly respected and often hard-to-find sources and publications. Allows the reader to attain the higher-level critical thinking and reading skills that are essential in a culture of diverse and contradictory opinions. | ||
| 650 | 0 |
_aHome schooling _zUnited States _vJuvenile literature. |
|
| 700 | 1 | _aBerlatsky, Noah. | |
| 830 | 0 | _aOpposing viewpoints series (Unnumbered) | |
| 906 |
_a7 _bcbc _corignew _d1 _eecip _f20 _gy-gencatlg |
||
| 942 |
_2lcc _cBOOKS _hLC40.H6412 2010 |
||
| 999 |
_c12245 _d12245 |
||